| 000 | 00875nam a2200265Ia 4500 | ||
|---|---|---|---|
| 003 | OSt | ||
| 005 | 20220918170916.0 | ||
| 006 | a|||||r|||| 00| 0 | ||
| 007 | ta | ||
| 008 | 220917b |||||||| |||| 00| 0 eng d | ||
| 020 |
_a9780815359548 (hbk) _cUKP 120.00 |
||
| 024 | _a353,437 | ||
| 037 |
_bSBS/62, 06/03/2020, Shivam Book Service _cTextual |
||
| 040 |
_aARTS _cARTS _beng |
||
| 041 |
_2eng _aeng |
||
| 082 | _a4:(D65,8(B)).6, Q9 | ||
| 100 |
_aSalawu Abiodun Ed. _932200 |
||
| 245 | 0 | _aAfrican language digital media and communication | |
| 260 |
_aLondon _bRoutledge Taylore & Francis Group UK _c2019 |
||
| 300 |
_axi,236p. _ccm. |
||
| 490 | _aRoutledge contemporary Africa series | ||
| 650 |
_aJOURNALISM _929614 |
||
| 942 |
_h4:(D65,8(B)).6, Q9 _cTEXL _2CC |
||
| 999 |
_c136622 _d136622 |
||